000 00357pab a2200145 454500
008 180718b2017 xxu||||| |||| 00| 0 eng d
100 _aSahay, Nandini
245 _aWomen in agriculture: marching towards success
260 _c2017
300 _ap.46-49.
362 _aJun
650 _aWomen in agriculture
773 _aKurukshetra
909 _a114718
999 _c114712
_d114712